[Event "Pan-AM College-chT 2018"]
[Site "Burlingame"]
[Date "2018.11.23"]
[Round "2"]
[White "Lee, Addison"]
[Black "Santanna, Paulo"]
[Result "1/2-1/2"]
[WhiteElo "1944"]
[BlackElo "1900"]
[Annotator "NA RC"]
[PlyCount "111"]
[EventDate "2018.12.28"]
[EventType "swiss"]
[EventCountry "USA"]
[SourceTitle "playchess.com"]
[Source "ChessBase"]
[SourceQuality "1"]
[TimeControl "5400+30"]

1. d4 {[%emt 0:00:00]} Nf6 {[%emt 0:00:00]} 2. c4 {[%emt 0:00:00]} e6 {[%emt 0:00:00]} 3. Nc3 {[%emt 0:00:00]} Bb4 {[%emt 0:00:00]} 4. e3 {[%emt 0:00:00]} b6 {[%emt 0:00:00]} 5. Nge2 {[%emt 0:00:00]} Ba6 {[%emt 0:00:00]} 6. a3 {[%emt 0:00:00]} Bxc3+ {[%emt 0:00:00]} 7. Nxc3 {[%emt 0:00:00]} d5 {[%emt 0:00:00]} 8. Qf3 {[%emt 0:00:00]} O-O {[%emt 0:00:00]} 9. Be2 {[%emt 0:00:00]} Nbd7 {[%emt 0:00:00]} 10. cxd5 {[%emt 0:00:00]} Bxe2 {[%emt 0:00:00]} 11. Kxe2 {[%emt 0:00:00]} e5 {[%emt 0:00:00]} 12. Rd1 {[%emt 0:00:00]} Qe7 {[%emt 0:00:00]} 13. Kf1 {[%emt 0:00:00]} Rad8 {[%emt 0:00:00]} 14. b3 {[%emt 0:00:00]} exd4 {[%emt 0:00:00]} 15. Rxd4 {[%emt 0:00:00]} Nc5 {[%emt 0:00:00]} 16. Rb1 {[%emt 0:00:00]} a5 {[%emt 0:05:07]} 17. a4 {[%emt 0:08:14]} Rfe8 {[%emt 0:04:19]} 18. Ba3 {[%emt 0:01:06]} Nfd7 {[%emt 0:14:43]} 19. g3 {[%emt 0:07:40]} Ne5 {[%emt 0:02:36]} 20. Qe2 {[%emt 0:01:47]} Qf6 {[%emt 0:07:57]} 21. Kg2 {[%emt 0:05:21]} Nc6 {[%emt 0:14:41]} 22. Bxc5 {[%emt 0:22:38]} bxc5 {[%emt 0:00:50]} 23. Rc4 {[%emt 0:07:01]} Nd4 {[%emt 0:10:46]} 24. Qg4 {[%emt 0:00:55]} Nf5 {[%emt 0:04:57]} 25. Qf3 {[%emt 0:03:56]} Qg6 {[%emt 0:01:37]} 26. Rc1 {[%emt 0:06:02]} h5 {[%emt 0:03:29]} 27. h4 {[%emt 0:02:20]} c6 {[%emt 0:02:12]} 28. Rf4 {[%emt 0:04:07]} Ne7 {[%emt 0:07:06]} 29. dxc6 {[%emt 0:01:07]} Nxc6 {[%emt 0:00:46]} 30. Rf5 {[%emt 0:02:12]} Ne5 {[%emt 0:08:44]} 31. Qxh5 {[%emt 0:04:40]} Qc6+ {[%emt 0:00:46]} 32. e4 {[%emt 0:02:45]} g6 {[%emt 0:00:55]} 33. Qg5 {[%emt 0:00:33]} Nd3 {[%emt 0:05:27]} 34. Rd1 {[%emt 0:00:40]} c4 {[%emt 0:01:58]} 35. Nd5 {[%emt 0:06:36]} Rd6 {[%emt 0:04:20]} 36. Rf3 {[%emt 0:05:23]} Rxe4 {[%emt 0:03:02]} 37. Nf6+ {[%emt 0:01:55]} Rxf6 {[%emt 0:00:55]} 38. Qxf6 {[%emt 0:00:30]} Nf4+ {[%emt 0:00:30]} 39. Qxf4 {[%emt 0:04:38]} Rxf4 {[%emt 0:00:30]} 40. gxf4 {[%emt 0:00:33]} c3 {[%emt 0:01:15]} 41. Rc1 {[%emt 0:02:42]} c2 {[%emt 0:00:49]} 42. Kg3 {[%emt 0:00:57]} Kg7 {[%emt 0:00:00]} 43. Re3 {[%emt 0:00:00]} Kh6 {[%emt 0:00:00]} 44. f3 {[%emt 0:00:00]} Qc5 {[%emt 0:00:00]} 45. Re2 {[%emt 0:00:00]} Qc3 {[%emt 0:00:00]} 46. Rexc2 {[%emt 0:00:00]} Qxb3 {[%emt 0:00:00]} 47. Rc7 {[%emt 0:00:00]} Kg7 {[%emt 0:00:00]} 48. Ra7 {[%emt 0:00:00]} Qxa4 {[%emt 0:00:00]} 49. Rcc7 {[%emt 0:00:00]} Qa2 {[%emt 0:00:00]} 50. Rc5 {[%emt 0:00:00]} Qa1 {[%emt 0:00:00]} 51. Rcxa5 {[%emt 0:00:00]} Qg1+ {[%emt 0:00:00]} 52. Kh3 {[%emt 0:00:00]} Qh1+ {[%emt 0:00:00]} 53. Kg3 {[%emt 0:00:00]} Qg1+ {[%emt 0:00:35]} 54. Kh3 {[%emt 0:00:00]} Qf1+ {[%emt 0:01:02]} 55. Kg3 {[%emt 0:00:00]} Qg1+ {[%emt 0:00:43]} 56. Kh3 {[%emt 0:00:00]} 1/2-1/2

[Event "Pan-AM College-chT 2018"]
[Site "Burlingame"]
[Date "2018.11.23"]
[Round "2"]
[White "Chang, Eliam"]
[Black "Wu, Derek"]
[Result "0-1"]
[WhiteElo "1784"]
[BlackElo "2023"]
[Annotator "NA RC"]
[PlyCount "30"]
[EventDate "2018.12.28"]
[EventType "swiss"]
[EventCountry "USA"]
[SourceTitle "playchess.com"]
[Source "ChessBase"]
[SourceQuality "1"]
[TimeControl "5400+30"]

1. e4 {[%emt 0:00:00]} c5 {[%emt 0:00:00]} 2. Nf3 {[%emt 0:00:00]} d6 {[%emt 0:00:00]} 3. d4 {[%emt 0:00:00]} cxd4 {[%emt 0:00:00]} 4. Nxd4 {[%emt 0:00:00]} Nf6 {[%emt 0:00:00]} 5. Nc3 {[%emt 0:00:00]} a6 {[%emt 0:00:00]} 6. f3 {[%emt 0:00:00]} e5 {[%emt 0:00:00]} 7. Nb3 {[%emt 0:00:00]} Be6 {[%emt 0:00:00]} 8. Be3 {[%emt 0:00:00]} Be7 {[%emt 0:00:00]} 9. Qd2 {[%emt 0:00:00]} h5 {[%emt 0:00:00]} 10. Nd5 {[%emt 0:00:00]} Nxd5 {[%emt 0:00:00]} 11. exd5 {[%emt 0:00:00]} Bf5 {[%emt 0:00:00]} 12. Na5 {[%emt 0:00:00]} Qc7 {[%emt 0:00:00]} 13. c3 {[%emt 0:02:34]} Qxa5 {[%emt 0:00:00]} 14. a4 {[%emt 0:02:48]} Nd7 {[%emt 0:00:00]} 15. Be2 {[%emt 0:00:53]} Nf6 {[%emt 0:00:00]} 0-1

[Event "Pan-AM College-chT 2018"]
[Site "Burlingame"]
[Date "2018.11.23"]
[Round "2"]
[White "Pruitt, Carvin"]
[Black "Wang, Henry"]
[Result "0-1"]
[WhiteElo "1777"]
[BlackElo "1965"]
[Annotator "NA RC"]
[PlyCount "71"]
[EventDate "2018.12.28"]
[EventType "swiss"]
[EventCountry "USA"]
[SourceTitle "playchess.com"]
[Source "ChessBase"]
[SourceQuality "1"]
[TimeControl "5400+30"]

1. d4 {[%emt 0:00:00]} d5 {[%emt 0:00:00]} 2. Nf3 {[%emt 0:00:00]} Nf6 {[%emt 0:00:00]} 3. c4 {[%emt 0:00:00]} e6 {[%emt 0:00:00]} 4. cxd5 {[%emt 0:00:00]} exd5 {[%emt 0:00:00]} 5. Nc3 {[%emt 0:00:00]} c6 {[%emt 0:00:00]} 6. Qc2 {[%emt 0:00:00]} Be7 {[%emt 0:00:00]} 7. Bg5 {[%emt 0:00:00]} Nbd7 {[%emt 0:00:00]} 8. e3 {[%emt 0:00:00]} h6 {[%emt 0:00:00]} 9. Bf4 {[%emt 0:00:00]} Nh5 {[%emt 0:00:00]} 10. Nxd5 {[%emt 0:00:00]} cxd5 {[%emt 0:00:00]} 11. Bc7 {[%emt 0:00:00]} Bb4+ {[%emt 0:00:00]} 12. Kd1 {[%emt 0:09:10]} Qe7 {[%emt 0:00:00]} 13. Rc1 {[%emt 0:11:28]} O-O {[%emt 0:00:00]} 14. Bd3 {[%emt 0:06:40]} Nhf6 {[%emt 0:00:00]} 15. Ke2 {[%emt 0:03:08]} Ne4 {[%emt 0:00:00]} 16. a3 {[%emt 0:00:34]} Bd6 {[%emt 0:00:00]} 17. Bxe4 {[%emt 0:02:25]} dxe4 {[%emt 0:00:00]} 18. Nd2 {[%emt 0:02:39]} f5 {[%emt 0:05:10]} 19. Qc4+ {[%emt 0:13:00]} Kh7 {[%emt 0:02:10]} 20. Qd5 {[%emt 0:02:35]} Bxc7 {[%emt 0:01:21]} 21. Rxc7 {[%emt 0:00:33]} Qg5 {[%emt 0:17:29]} 22. Rhc1 {[%emt 0:10:39]} Nb6 {[%emt 0:00:00]} 23. Qe5 {[%emt 0:03:57]} Qxg2 {[%emt 0:00:35]} 24. Re7 {[%emt 0:03:57]} Bd7 {[%emt 0:03:15]} 25. Rc7 {[%emt 0:01:00]} Rac8 {[%emt 0:00:44]} 26. Rexd7 {[%emt 0:21:04]} Nxd7 {[%emt 0:01:00]} 27. Rxd7 {[%emt 0:00:42]} Qg4+ {[%emt 0:00:35]} 28. f3 {[%emt 0:01:28]} Qg2+ {[%emt 0:02:20]} 29. Kd1 {[%emt 0:02:14]} Qg1+ {[%emt 0:00:30]} 30. Ke2 {[%emt 0:00:53]} Rc1 {[%emt 0:01:05]} 31. fxe4 {[%emt 0:01:47]} fxe4 {[%emt 0:02:50]} 32. Qxe4+ {[%emt 0:00:35]} Kh8 {[%emt 0:00:38]} 33. Qh4 {[%emt 0:03:21]} Qd1+ {[%emt 0:01:40]} 34. Kd3 {[%emt 0:00:41]} Qc2+ {[%emt 0:00:30]} 35. Ke2 {[%emt 0:00:53]} Rd1 {[%emt 0:00:30]} 36. d5 0-1

[Event "Pan-AM College-chT 2018"]
[Site "Burlingame"]
[Date "2018.12.28"]
[Round "3"]
[White "Ipatov, Alexander"]
[Black "Arribas Lopez, Angel"]
[Result "1-0"]
[WhiteElo "2649"]
[BlackElo "2472"]
[Annotator "TA"]
[PlyCount "103"]
[EventDate "2018.12.28"]
[EventType "swiss"]
[EventCountry "USA"]
[SourceTitle "playchess.com"]
[Source "ChessBase"]
[SourceQuality "1"]

{[%evp 15,103,20,83,27,33,13,24,24,35,35,40,27,34,2,0,0,74,29,36,-97,-82,-130,-58,-213,-184,-238,-135,-144,-139,-145,-136,-125,-131,-127,-152,-137,-139,-180,-103,-100,-61,-192,-174,-181,-186,-345,-349,-332,-322,-328,-237,-235,-231,-275,-271,-262,-95,-138,-147,-141,-113,-127,-50,-74,-75,-67,-70,-169,-155,-180,-45,-85,-46,-69,-61,-50,-10,-15,134,134,135,135,138,142,142,146,530,524,514,506]} 1. Nf3 g6 2. g3 Bg7 3. d4 f5 4. Bg2 Nf6 5. O-O O-O 6. c4 {[%cal Bc2c4,Bc4c5][%mdl 32]} d6 7. Nc3 c6 8. Re1 Nh5 {LiveBook: 8 Games. A88: Dutch Defence: Leningrad System: 5 Nf3 0-0 6 0-0 d6 7 Nc3 c6} (8... Na6 $11 {remains equal.}) (8... Na6 9. Qb3 Qb6 10. Qc2 Qc7 11. e4 Nb4 12. Qd2 Nxe4 13. Nxe4 fxe4 14. Ng5 Nd3 15. Rxe4 Nxf2 16. Rf4 Ng4 17. Rxf8+ Bxf8 {½-½ (39) Supi,L (2548)-Cheparinov,I (2715) Batumi 2018}) 9. Qb3 (9. h3 $16) 9... e5 $146 ({Predecessor:} 9... Na6 10. h3 Qb6 11. Qxb6 axb6 12. Bg5 Nf6 13. a3 Nc7 14. Rad1 h6 15. Bc1 g5 16. h4 {0-1 (91) Horvath,J (2535)-Vrban,M (2309) Hungary 2007}) 10. Bg5 Qd7 $1 {The position is equal.} 11. c5+ Kh8 12. cxd6 exd4 13. Be7 (13. Na4 $5 {[%cal Rg5e7]} Qxd6 14. Qa3 Qxa3 15. bxa3 $15) 13... dxc3 14. Bxf8 Bxf8 15. e4 Qxd6 (15... cxb2 $11 16. Rad1 (16. Qxb2+ Qg7 $15) 16... fxe4 17. Rxe4 Qg7) 16. Rad1 Qf6 17. e5 (17. exf5 $1 $14 {keeps the upper hand.} c2 18. Qxc2 Bxf5 19. Qb3) 17... Qe7 $17 18. e6 cxb2 (18... Na6 $17 19. Qxc3+ Bg7) 19. Ng5 $2 ({White should play} 19. Ne5 $15) 19... b1=Q (19... Qxg5 $2 20. e7 $18) 20. Rxb1 Qxg5 (20... Na6 $19 {And now ...Nf6 would win.} 21. Rbd1 Nc5 22. Qc3+ Kg8) 21. e7 Bxe7 22. Qf7 Qf6 23. Qe8+ Qf8 $1 {[%cal Rf8e8]} 24. Rxe7 {[%cal Re8f8]} Kg8 $1 (24... Nd7 25. Rd1 $16) 25. Bf1 {Threatening mate with Bc4+.} b5 $1 (25... Nd7 26. Bc4+ Kh8 27. Rd1 $16) 26. Ree1 Bd7 (26... Ng7 $1 $19 {[%cal Rg7e8]} 27. Qe7 Qxe7 28. Rxe7 Kf8) 27. Qe5 {[%cal Rf1b5]} Na6 {[%cal Bb8a6,Ba6c5,Bc5e4,Be4c3][%mdl 32] [#] aiming for ...Nf6.} 28. Red1 (28. Bxb5 $1 $15 {[%mdl 512]} cxb5 29. Qd5+ Kh8 30. Qxd7) 28... Re8 $1 $19 {[%cal Re8e5]} 29. Qd4 Nf6 {White must now prevent ...Nc7.} 30. Qxa7 $2 (30. a4 {was forced.}) 30... Ra8 31. Qe3 Nd5 32. Qd2 Nc5 {...Ne4 is the strong threat.} 33. Bxb5 Ne4 34. Qd4 Nec3 35. Bc4 {Hoping for Qxc3.} Qg7 $2 ({Stronger than} 35... Nxd1 36. Bxd5+ cxd5 37. Qxd5+ Kh8 38. Qe5+ Qg7 39. Rb8+ Rxb8 40. Qxb8+ Be8 41. Qxe8+ Qg8 42. Qe5+ Qg7 43. Qb8+ Qg8 44. Qe5+ Qg7 45. Qb8+ Qg8 46. Qe5+ $11) (35... Nxb1 $19 {and Black stays clearly on top.} 36. Bxd5+ cxd5 37. Qxd5+ Kh8 38. Qxd7 Nc3 39. Qd4+ Qg7 40. Qd8+ Rxd8 41. Rxd8+ Qg8 $1 {[%mdl 512]} 42. Rxg8+ Kxg8) 36. Rb7 {Threatens to win with Qxg7+.} Qxd4 37. Rxd4 Be6 38. Rd2 Bf7 ({Black should try} 38... Ne4 $17 39. Rdb2 Nd6 40. Bxd5 Bxd5 41. Rb8+ Rxb8 42. Rxb8+ Kf7) 39. Rc2 $15 Ne4 40. Bb3 Ra6 41. Bc4 (41. f3 $15 Ng5 42. Kf2) 41... Ra5 $1 $19 42. Rd7 {[#]} Rc5 ({Better is} 42... Be6 $1 $19 {[%cal Re6d7]} 43. Rd8+ Kf7) 43. Bb3 Kg7 (43... Rxc2 {looks sharper.} 44. Rd8+ Kg7 45. Bxc2 Nec3 46. Bb3 Ne7) 44. Bxd5 Rxd5 ({But not} 44... Rxc2 $6 45. Rxf7+ Kh6 46. Bxe4 $11) 45. Rxd5 Bxd5 46. a4 $1 Bb3 {[#]} (46... Nd6 $11 {keeps the balance.}) 47. a5 $1 $16 {[%mdl 1024] White has strong compensation.} c5 48. a6 Bd5 (48... Bxc2 $2 {too greedy.} 49. a7) 49. a7 Kf6 50. Ra2 {[%mdl 64] Deflection, Promotion} Bxa2 $4 {[%mdl 8192]} (50... Ng5 $16 {is more resistant.}) 51. a8=Q $18 Bf7 52. f3 {Accuracy: White = 47%, Black = 46%.} 1-0

[Event "Pan-AM College-chT 2018"]
[Site "Burlingame"]
[Date "2018.12.28"]
[Round "3"]
[White "Quesada Perez, Yuniesky"]
[Black "Javakhadze, Zurab"]
[Result "0-1"]
[WhiteElo "2642"]
[BlackElo "2453"]
[Annotator "TA"]
[PlyCount "100"]
[EventDate "2018.12.28"]
[EventType "swiss"]
[EventCountry "USA"]
[SourceTitle "playchess.com"]
[Source "ChessBase"]
[SourceQuality "1"]

{[%evp 30,100,64,57,64,64,58,41,50,62,69,0,24,10,33,54,135,72,68,6,45,29,46,16,34,10,11,9,0,13,14,8,14,15,33,4,0,-20,-7,-21,-10,-18,-10,-15,0,-54,-54,-60,-87,-92,-94,-134,-125,-236,-225,-718,-713,-945,-916,-4710,-809,-1335,-1234,-4727,-4718,-4690,-1260,-2261,-2129,-6387,-6387,-5264,-4986]} 1. e4 e5 2. Nf3 Nc6 3. Bb5 a6 4. Ba4 Nf6 5. O-O Be7 6. Re1 b5 7. Bb3 d6 8. c3 O-O 9. h3 Na5 10. Bc2 c5 11. d4 Nd7 12. a4 b4 {C96: Closed Ruy Lopez: Chigorin Defence: 11 d4, replies other than 11...Qc7} 13. cxb4 cxb4 14. Nbd2 exd4 15. Nxd4 Bf6 16. N2b3 {LiveBook: 5 Games} Ne5 17. Nxa5 Qxa5 18. Bb3 Bb7 19. Nf5 Rad8 {[#] With the idea ...d5.} 20. f4 $146 (20. Bf4 $1 $14) ({Predecessor:} 20. Qe2) 20... Ng6 21. Qd3 Qc5+ 22. Be3 Qa5 (22... Qc6 $14) 23. Rab1 ({White should try} 23. Rad1) 23... Rfe8 24. Bd2 (24. Nxd6 $14 Bxe4 25. Bxf7+ Kh8 26. Qb3 (26. Nxe4 $2 Rxd3 27. Bxe8 Rxe3 $19) 26... Rxd6 27. Bxe8 Bxb1 28. Rxb1) 24... Bc8 25. Kh2 Be6 26. Ng3 Nf8 27. Re2 Bxb3 28. Qxb3 Ne6 {[#] ...Nd4 is the strong threat.} 29. Be3 ({Don't play} 29. Bxb4 Qb6 $17) 29... g6 30. Rd1 Nc5 31. Bxc5 Qxc5 32. Rc2 Qb6 33. Rdc1 a5 34. Rc7 Re7 35. Rxe7 Bxe7 36. Qf3 b3 37. Qc3 (37. Ne2 $11) 37... Rb8 $15 38. Rd1 Qf2 39. Qc7 Re8 40. Qxa5 Qxb2 41. Qc7 (41. e5 $17 {keeps fighting.} dxe5 42. fxe5) 41... Bh4 42. Rd3 $2 {[#]} (42. Qc6 Rf8 43. Rd3) 42... Qb1 $1 $19 {[%cal Rb1d3] Black is clearly winning.} 43. Rc3 b2 44. Qd7 Rf8 (44... Bxg3+ $142 45. Kxg3 Qe1+ 46. Kh2 b1=Q 47. Rc5 Qg1+ 48. Kg3 Qbe1+ 49. Kf3 Qgf2+ 50. Kg4 Qxg2#) 45. Qb7 Qc1 46. Rb3 Qxf4 47. Rf3 Qe5 (47... Bxg3+ $142 48. Rxg3 h5 49. Qxb2 h4) 48. a5 h5 49. a6 Bxg3+ 50. Kh1 Qa5 {Precision: White = 30%, Black = 57%.} 0-1

[Event "Pan-AM College-chT 2018"]
[Site "Burlingame"]
[Date "2018.12.28"]
[Round "3"]
[White "Nyzhnyk, Illya"]
[Black "Nakar, Eylon"]
[Result "1-0"]
[WhiteElo "2624"]
[BlackElo "2452"]
[Annotator "TA"]
[PlyCount "57"]
[EventDate "2018.12.28"]
[EventType "swiss"]
[EventCountry "USA"]
[SourceTitle "playchess.com"]
[Source "ChessBase"]
[SourceQuality "1"]

{[%evp 14,57,27,11,42,40,40,45,79,29,37,40,45,34,28,-29,10,0,56,53,47,62,45,45,58,51,129,61,181,171,174,185,223,220,220,222,235,180,257,263,274,277,335,318,306,311]} 1. d4 Nf6 2. c4 e6 3. Nf3 d5 4. Nc3 Be7 5. Qc2 O-O 6. Bg5 b6 7. cxd5 exd5 8. e3 {LiveBook: 23 Games} Be6 {D55: Queen's Gambit Declined: 4 Bg5 Be7: Lines without ...h6 and 6...h6 7 Bxf6} 9. Rd1 h6 10. Bh4 Nbd7 {White is slightly better.} 11. Bb5 $146 ({Predecessor:} 11. Ba6 c5 12. Bg3 cxd4 13. exd4 Ne4 14. Bb7 Nxg3 15. hxg3 Rb8 16. Bxd5 Bxd5 17. Nxd5 {1-0 (35) Miladinovic,I (2480)-Marcetic,N (2305) Igalo 1994}) 11... c5 12. O-O a6 13. Bc6 Ra7 $1 14. Qa4 ({Better is} 14. Ne5) 14... Qc7 {aiming for ...b5.} 15. Bxd7 Bxd7 (15... Qxd7 $11 16. Qxd7 Rxd7) 16. Qc2 $14 Be6 17. dxc5 Qxc5 18. Nd4 Rc8 19. Qb1 b5 {[#]} (19... Raa8 $14) 20. Rc1 (20. Ncxb5 $1 $16 {[%mdl 512]} axb5 21. Nxe6) 20... Qb6 ({Black should play} 20... Rac7 $14) 21. Bxf6 $1 $18 Bxf6 {[#]} 22. Nxd5 $1 {[%mdl 512]} Rxc1 (22... Bxd5 23. Rxc8+) 23. Nxf6+ ({Worse is} 23. Nxb6 Rxb1 24. Rxb1 Bxd4 $15) 23... gxf6 24. Rxc1 Qd6 25. a3 Qd5 (25... Bd7 $142 26. Qc2 Qe5) 26. b4 {White has a decisive advantage.} Rd7 27. Rc5 Qa2 28. Qxa2 Bxa2 29. Rc6 {Accuracy: White = 48%, Black = 38%.} 1-0

[Event "Pan-AM College-chT 2018"]
[Site "Burlingame"]
[Date "2018.12.28"]
[Round "3"]
[White "Durarbayli, Vasif"]
[Black "Chandra, Akshat"]
[Result "1/2-1/2"]
[WhiteElo "2620"]
[BlackElo "2492"]
[Annotator "TA"]
[PlyCount "155"]
[EventDate "2018.12.28"]
[EventType "swiss"]
[EventCountry "USA"]
[SourceTitle "playchess.com"]
[Source "ChessBase"]
[SourceQuality "1"]

{[%evp 17,155,29,19,7,15,10,15,17,28,23,28,23,16,20,44,37,43,22,42,56,52,41,37,29,30,27,27,27,32,0,32,33,35,35,35,35,43,43,43,39,43,43,43,34,35,35,43,38,45,0,43,28,29,29,26,20,22,19,25,25,27,27,44,29,41,38,40,27,44,44,44,41,42,42,40,20,58,38,48,0,58,40,40,19,19,0,58,44,45,20,20,20,20,20,20,20,21,19,19,19,27,27,27,0,0,0,0,0,0,0,0,0,0,0,0,0,0,0,0,0,0,0,0,0,0,0,0,0,0,0,0,0,0,0,0,0,0,0,0,0]} 1. e4 e5 2. Nf3 Nc6 3. Bb5 Nf6 4. d3 Bc5 5. Bxc6 dxc6 6. Nbd2 {[%cal Bb1d2,Bd2b3,Bb3a5][%mdl 32] C65: Ruy Lopez: Berlin Defence (3...Nf6), unusual lines and 4 0-0 Bc5} Be6 7. O-O Nd7 (7... Bd6 8. b3 O-O 9. Nc4 Bxc4 10. bxc4 Nd7 11. g3 b5 12. cxb5 cxb5 13. a4 a6 {½-½ (38) Giri,A (2782)-Aronian,L (2767) chess.com INT 2018}) 8. Nb3 Be7 9. Na5 Rb8 {LiveBook: 4 Games} 10. Bd2 O-O 11. Qe2 $146 ({Predecessor:} 11. h3 f5 12. exf5 Rxf5 13. Qe2 Bd5 {1-0 (48) Nisipeanu,L (2672)-Wagner,D (2499) Baden-Baden 2014}) 11... c5 12. a4 c6 13. Nc4 Bxc4 14. dxc4 Qc7 15. Bc3 Rfd8 16. g3 Bf6 17. Ne1 b6 18. Nd3 Re8 19. Kh1 Rbd8 20. Rad1 g6 21. h4 Bg7 22. h5 Nf8 23. hxg6 hxg6 24. Kg2 Ne6 25. Rh1 Nd4 26. Bxd4 Rxd4 27. b3 Qd7 28. Rh4 Bf6 29. Rh3 a5 30. Rdh1 Kf8 31. Rh7 Qe6 32. Rf1 Kg8 33. Rfh1 Kf8 34. Ne1 Ke7 35. Nf3 Rd7 36. Nh2 Kd8 37. Ng4 Bg5 38. Rd1 Rxd1 39. Qxd1+ Kc7 40. Qf3 Re7 41. Nh2 Rd7 42. Qc3 Bd2 43. Qa1 Bg5 44. Nf3 Bf6 45. Qc1 Qg4 46. Qe3 Kb7 47. Rh1 Rd8 48. Rh7 Rd7 49. Qe2 Kc7 50. Rh1 Rd8 51. Qe3 Kb7 52. Nh2 Qe6 53. Qe2 Rh8 54. Nf3 Rxh1 55. Kxh1 Kc7 56. Kg2 Kd7 57. Qe3 Ke7 58. Ne1 Kf8 59. Nd3 Qd6 60. c3 Kg8 {The position is equal.} 61. Kf1 Bg5 62. Qe2 Qe6 63. Ke1 Qh3 {aiming for ...Qh1+.} 64. Qf3 Qe6 65. Kd1 Kg7 66. Kc2 Bh6 67. Qe2 Kg8 68. Ne1 Qh3 69. Nd3 Qe6 70. g4 Kg7 71. f3 Qf6 72. Qf2 Qe6 73. Qh2 f6 74. Qh1 Bg5 75. Qd1 Qe8 76. Nf2 Be3 77. Nh3 Qe7 78. Qd3 {Precision: White = 53%, Black = 81%.} 1/2-1/2

[Event "Pan-AM College-chT 2018"]
[Site "Burlingame"]
[Date "2018.12.28"]
[Round "3"]
[White "Shimanov, Aleksandr"]
[Black "Rambaldi, Francesco"]
[Result "1-0"]
[WhiteElo "2610"]
[BlackElo "2557"]
[Annotator "TA"]
[PlyCount "89"]
[EventDate "2018.12.28"]
[EventType "swiss"]
[EventCountry "USA"]
[SourceTitle "playchess.com"]
[Source "ChessBase"]
[SourceQuality "1"]

{[%evp 20,89,16,15,30,33,41,35,37,28,60,20,77,23,27,15,47,55,60,48,51,53,53,54,61,37,52,57,52,35,33,8,58,55,75,75,75,75,75,75,75,75,75,75,151,60,156,135,156,162,181,170,193,208,343,337,393,385,370,371,550,556,504,374,6093,6087,6079,5389,2602,2783,1328,552]} 1. Nf3 d5 2. d4 Nf6 3. c4 e6 4. Nc3 Nbd7 5. Bg5 Be7 6. e3 h6 7. Bh4 O-O 8. Rc1 c5 {D63: Queen's Gambit Declined: Classical: 7 Rc1} 9. dxc5 dxc4 (9... Nxc5 10. cxd5 g5 11. Bg3 Nxd5 12. Nxd5 Qxd5 13. Qxd5 exd5 14. Nd4 Bd7 15. Be2 Rac8 16. O-O {½-½ (31) Ivanchuk,V (2710)-Yu,Y (2765) Batumi 2018}) 10. c6 bxc6 11. Bxc4 {LiveBook: 10 Games} Rb8 12. Qc2 Qa5 $146 ({Predecessor:} 12... Nd5 13. Bxe7 Qxe7 14. O-O Bb7 15. Rfd1 Rfd8 16. Be2 {½-½ (55) Nielsen,P (2645)-Andersen,M (2542) Germany 2017}) 13. O-O Ba6 14. Bxa6 Qxa6 15. Rfd1 {Strongly threatening Rxd7!} Nb6 (15... Rfd8 $11) 16. e4 (16. Ne5 $16) 16... Rfd8 17. b3 Ba3 18. Bxf6 gxf6 19. Rxd8+ Rxd8 20. Rd1 Rxd1+ 21. Nxd1 Nd7 22. Ne3 Bc5 23. Nc4 Nb6 24. Ncd2 Nd7 {next ...Qe2 is good for Black.} 25. Nf1 Qb6 (25... Bb6 {looks sharper.} 26. a4 Kf8 27. b4 Qb7 28. N1d2 Bc7) 26. g3 Ne5 27. Nxe5 fxe5 28. Kg2 Bd4 29. Nd2 c5 30. Nc4 Qb7 31. Qe2 f5 {[#]} (31... Kh7 $142) 32. f3 (32. Kh3 $1 $16) 32... f4 ({Black should play} 32... Qe7 $14) 33. Qd2 Kh7 34. Qa5 ({Weaker is} 34. gxf4 Qg7+ 35. Kh3 Qf7 $11) 34... Qe7 35. Qa6 h5 {[#]} 36. Qd6 $1 {[%cal Rd6e7]} Qf6 (36... Qxd6 $142 37. Nxd6 Kg6) 37. Qd7+ $18 Kg6 {Now ...fxg3 and Black clings on.} 38. Nd6 fxg3 39. hxg3 h4 (39... Bc3 {was necessary.} 40. Qe8+ Kg7 41. Qxh5 Qe7) 40. gxh4 Kh6 {intending ...Qg6+.} 41. Qf7 Qxh4 $2 (41... Qg6+ 42. Kh3 Qxf7 43. Nxf7+ Kh5) 42. Qxe6+ {White is clearly winning.} Kh7 43. Qd7+ Kh8 44. Qc8+ Kh7 45. Qb7+ {Accuracy: White = 71%, Black = 38%.} (45. Qc7+ $142 Kg8 46. Qb8+ Kh7 47. Qxa7+ Kh8 48. Qb8+ Kh7 49. Qb7+ Kh8 50. Qc8+ Kh7 51. Qf5+ Kh8 52. Nf7+ Kg8 53. Nxe5 Qf2+ 54. Kh3 Bxe5 55. Qxe5) 1-0

[Event "Pan-AM College-chT 2018"]
[Site "Burlingame"]
[Date "2018.12.28"]
[Round "3"]
[White "Ali Marandi, Cemil Can"]
[Black "Prohaszka, Peter"]
[Result "1/2-1/2"]
[WhiteElo "2530"]
[BlackElo "2613"]
[Annotator "TA"]
[PlyCount "54"]
[EventDate "2018.12.28"]
[EventType "swiss"]
[EventCountry "USA"]
[SourceTitle "playchess.com"]
[Source "ChessBase"]
[SourceQuality "1"]

{[%evp 16,54,0,-17,0,-9,0,-35,-6,-13,-11,-12,-12,-13,2,0,0,0,0,0,0,-12,0,0,0,0,0,0,26,15,37,25,27,20,27,0,0,0,20,0,0]} 1. d4 d5 2. Bf4 c5 3. e3 cxd4 4. exd4 Nc6 5. c3 Bf5 6. Nd2 {B13: Caro-Kann: Exchange Variation and Panov-Botvinnik Attack} e6 7. Ngf3 Bd6 8. Bg3 Nf6 9. Qb3 {LiveBook: 3 Games} Rb8 (9... Bxg3 10. hxg3 Qd6 11. Qxb7 Rb8 12. Qa6 O-O {0-1 (36) Caruana,F (2816)-Grischuk,A (2766) Paris 2018}) 10. Be2 O-O 11. O-O h6 12. a4 Bxg3 13. hxg3 {[#]} Qc7 $146 14. Rfe1 Ne4 15. Nxe4 Bxe4 16. Qd1 Rfc8 17. Bd3 Bxd3 18. Qxd3 a6 19. Qe3 Re8 20. g4 f6 21. Re2 Qf7 22. Rae1 Re7 23. Qf4 Rbe8 24. Qd6 Rd7 25. Qc5 Rde7 {The position is equal.} 26. Qd6 Rd7 27. Qc5 Rde7 {Accuracy: White = 44%, Black = 48%.} 1/2-1/2